000 01146nam a22003137a 4500
003 EG-ScBUE
005 20220510122504.0
008 140506t2014 enka f 000 0 eng d
020 _a9781285176277
040 _aEG-ScBUE
_beng
_erda
_cEG-ScBUE
_dEG-ScBUE
082 0 4 _222
_a428.0071
_bWIS
100 1 _935968
_aWisniewska, Ingrid,
_eauthor.
245 1 0 _aPathways foundations :
_blistening, speaking, and critical thinking,
_pTeacher's guide /
_cIngrid Wisniewska.
246 3 0 _aTeacher's guide
264 1 _aBoston, MA :
_bNational Geographic Learning,
_c[2014]
264 4 _cc2014
300 _axii, 100 pages :
_billustrations ;
_c28 cm
336 _2rdacontent
_atext
_btxt
337 _2rdamedia
_aunmediated
_bn
338 _2rdacarrier
_avolume
_bnc
500 _aIn cover : Cynthia Fettig, Kathy Najafi.
650 7 _aEnglish language
_xStudy and teaching
_xForeign speakers.
_2BUEsh
650 7 _aEnglish language
_vTextbooks for foreign speakers.
_2BUEsh
651 _2BUEsh
653 _cMay2014
_bHHUUEENN
655 _vReading book
_934232
710 2 _aNational Geographic Learning (Firm)
_935969
942 _2ddc
_cBB
_k428.0071 WIS
999 _c18255
_d18227